[Event "Kowalewo Pomorskie op-B"]
[Site "Kowalewo Pomorskie"]
[Date "2008.07.12"]
[Round "9.29"]
[White "Nowosielski, Piotr"]
[Black "Strzyzewski, Adam"]
[Result "1-0"]
[WhiteElo "1803"]
[BlackElo "1707"]
[PlyCount "41"]
[EventDate "2008.07.04"]
[EventType "swiss"]
[EventRounds "9"]
[EventCountry "POL"]
[SourceTitle "EXT 2023"]
[Source "ChessBase"]
[SourceDate "2022.10.05"]
[SourceVersion "1"]
[SourceVersionDate "2022.10.05"]
[SourceQuality "1"]

1. c4 e5 2. Nc3 b6 3. Nf3 d6 4. g3 Bb7 5. Bg2 Nf6 6. 0-0 Be7 7. e3 0-0 8. d4 e4 9. Nd2 d5 10. cxd5 Nxd5 11. Nxd5 Bxd5 12. Bxe4 Bxe4 13. Nxe4 f5 14. Nc3 Nd7 15. b3 Nf6 16. Bb2 c6 17. Rc1 Rc8 18. Qd3 Qd7 19. f3 h5 20. e4 Bd6 21. e5 1-0

[Event "Kowalewo Pomorskie op-B"]
[Site "Kowalewo Pomorskie"]
[Date "2008.07.12"]
[Round "8.26"]
[White "Sliwicki, Damian"]
[Black "Nowosielski, Piotr"]
[Result "1-0"]
[WhiteElo "1750"]
[BlackElo "1803"]
[PlyCount "77"]
[EventDate "2008.07.04"]
[EventType "swiss"]
[EventRounds "9"]
[EventCountry "POL"]
[SourceTitle "EXT 2023"]
[Source "ChessBase"]
[SourceDate "2022.10.05"]
[SourceVersion "1"]
[SourceVersionDate "2022.10.05"]
[SourceQuality "1"]

1. e4 c5 2. Nf3 d6 3. d4 cxd4 4. Nxd4 Nf6 5. Nc3 a6 6. Be2 Nbd7 7. Be3 b5 8. a3 Bb7 9. f3 Rc8 10. 0-0 e6 11. Qd2 Be7 12. Rad1 Qc7 13. Rfe1 Nb6 14. Bf2 Nc4 15. Bxc4 Qxc4 16. f4 d5 17. e5 Ng4 18. Bg3 g6 19. Nce2 h5 20. Rf1 b4 21. a4 a5 22. Rc1 Ba6 23. h3 Nh6 24. Rfe1 Nf5 25. Nxf5 gxf5 26. Bf2 Qc6 27. b3 Bxe2 28. Qxe2 Bc5 29. Bxc5 Qxc5+ 30. Kh1 Rg8 31. Rf1 Qd4 32. Rf3 Qe4 33. Qb5+ Kf8 34. Qxa5 Kg7 35. Qa7 h4 36. Qf2 f6 37. Qxh4 fxe5 38. Rg3+ Kf8 39. Qf6+ 1-0

[Event "Kowalewo Pomorskie op-B"]
[Site "Kowalewo Pomorskie"]
[Date "2007.07.05"]
[Round "3.22"]
[White "Nowosielski, Piotr"]
[Black "Zawadzki, Krzysztof"]
[Result "1-0"]
[WhiteElo "1784"]
[BlackElo "1655"]
[PlyCount "79"]
[EventDate "2007.07.04"]
[EventType "swiss"]
[EventRounds "9"]
[EventCountry "POL"]
[SourceTitle "EXT 2023"]
[Source "ChessBase"]
[SourceDate "2022.10.05"]
[SourceVersion "1"]
[SourceVersionDate "2022.10.05"]
[SourceQuality "1"]

1. c4 e5 2. Nc3 Nf6 3. g3 d5 4. cxd5 Nxd5 5. Bg2 Nxc3 6. bxc3 Bc5 7. Qa4+ c6 8. Nf3 Qe7 9. Nxe5 Qxe5 10. d4 Qe7 11. dxc5 Qxc5 12. 0-0 Be6 13. Ba3 Qc4 14. Qd1 Nd7 15. Rb1 0-0-0 16. Be7 Nb6 17. Bxd8 Rxd8 18. Qc2 g6 19. Rfd1 Rxd1+ 20. Rxd1 Nd5 21. Bxd5 Bxd5 22. Rd2 f5 23. Qd3 Qa4 24. Qd4 Qa3 25. f3 b6 26. e4 fxe4 27. fxe4 Bxe4 28. Qd7+ Kb8 29. Re2 Qc5+ 30. Kf1 Qf5+ 31. Qxf5 Bxf5 32. Re7 h5 33. Ke2 a6 34. Ke3 Kc8 35. Kf4 Bd3 36. Ke5 b5 37. Ra7 c5 38. Rxa6 b4 39. Rc6+ Kb7 40. Rxc5 1-0

[Event "Kowalewo Pomorskie op-B"]
[Site "Kowalewo Pomorskie"]
[Date "2007.07.04"]
[Round "1.2"]
[White "Nowosielski, Piotr"]
[Black "Zebracki, Jaroslaw"]
[Result "1-0"]
[WhiteElo "1784"]
[BlackElo "1967"]
[PlyCount "81"]
[EventDate "2007.07.04"]
[EventType "swiss"]
[EventRounds "9"]
[EventCountry "POL"]
[SourceTitle "EXT 2023"]
[Source "ChessBase"]
[SourceDate "2022.10.05"]
[SourceVersion "1"]
[SourceVersionDate "2022.10.05"]
[SourceQuality "1"]

1. c4 e5 2. Nc3 Nf6 3. g3 g6 4. Nf3 d6 5. d4 exd4 6. Nxd4 Bg7 7. Bg2 0-0 8. 0-0 Nbd7 9. e4 Ne5 10. b3 Bd7 11. Bb2 Re8 12. Qc2 a6 13. f4 Nc6 14. Nxc6 Bxc6 15. Nd5 Bd7 16. Nxf6+ Bxf6 17. e5 dxe5 18. fxe5 Bxe5 19. Bxb7 Bf5 20. Rxf5 Bxb2 21. Qxb2 gxf5 22. Bxa8 Qxa8 23. Qf6 Qe4 24. Rf1 Qe3+ 25. Kg2 Qe2+ 26. Rf2 Qe4+ 27. Kh3 Re6 28. Qg5+ Rg6 29. Qf4 Kg7 30. Qxe4 fxe4 31. g4 h5 32. gxh5 Rg1 33. Rg2+ Rxg2 34. Kxg2 c5 35. b4 Kf6 36. bxc5 Ke5 37. h6 Kd4 38. c6 Kd3 39. c7 e3 40. c8Q e2 41. Qe8 1-0

[Event "Chojnice op-B 2nd"]
[Site "Chojnice"]
[Date "2006.??.??"]
[Round "2"]
[White "Nowosielski, Piotr"]
[Black "Harmata, Marek"]
[Result "1-0"]
[WhiteElo "1811"]
[BlackElo "1800"]
[PlyCount "69"]
[EventDate "2006.07.??"]
[EventType "swiss"]
[EventRounds "9"]
[EventCountry "POL"]
[SourceTitle "EXT 2007"]
[Source "ChessBase"]
[SourceDate "2006.11.23"]
[SourceVersion "1"]
[SourceVersionDate "2006.11.23"]
[SourceQuality "1"]

1. c4 Nf6 2. Nf3 g6 3. g3 Bg7 4. Bg2 0-0 5. 0-0 d6 6. Nc3 c6 7. d4 Nbd7 8. e4 Qc7 9. Ne1 e5 10. d5 a5 11. Be3 c5 12. Nb5 Qb8 13. f4 Nb6 14. Qc2 Ng4 15. Bd2 Bd7 16. h3 Nh6 17. fxe5 Bxb5 18. cxb5 Qc7 19. Qc1 Bxe5 20. Bxh6 Rfe8 21. Bf4 Bd4+ 22. Kh2 a4 23. a3 Rad8 24. Nc2 Bg7 25. Ne3 Qd7 26. Bg5 Rc8 27. Ng4 Qxb5 28. Qf4 f5 29. exf5 Re2 30. f6 Qxb2 31. f7+ Kh8 32. f8Q+ Rxf8 33. Qxf8+ Bxf8 34. Rxf8+ Kg7 35. Bh6# 1-0

[Event "Chojnice op-B 2nd"]
[Site "Chojnice"]
[Date "2006.??.??"]
[Round "3"]
[White "Rogalski, Piotr"]
[Black "Nowosielski, Piotr"]
[Result "1-0"]
[WhiteElo "1800"]
[BlackElo "1811"]
[PlyCount "67"]
[EventDate "2006.07.??"]
[EventType "swiss"]
[EventRounds "9"]
[EventCountry "POL"]
[SourceTitle "EXT 2007"]
[Source "ChessBase"]
[SourceDate "2006.11.23"]
[SourceVersion "1"]
[SourceVersionDate "2006.11.23"]
[SourceQuality "1"]

1. e4 c5 2. Nf3 d6 3. d4 cxd4 4. Nxd4 Nf6 5. Nc3 a6 6. Be3 Ng4 7. Bc1 Nf6 8. Be3 Ng4 9. Bc1 g6 10. f3 Nf6 11. Be3 Bg7 12. Bc4 b5 13. Bb3 Bb7 14. Qd2 h5 15. 0-0-0 Nbd7 16. h3 Nb6 17. g4 Qc7 18. g5 Nfd7 19. f4 Nc4 20. Qf2 Nc5 21. Bxc4 bxc4 22. f5 Nxe4 23. Nxe4 Bxe4 24. f6 exf6 25. gxf6 Bf8 26. Rhe1 d5 27. Nf3 Bd6 28. Rxd5 Bg3 29. Bh6 Bf4+ 30. Kb1 Rxh6 31. Rxe4+ Kf8 32. Qd4 Bg3 33. Rd7 Qc6 34. Rd8+ 1-0